Інформаційне законодавство України. Науково-практичний коментар (Запис № 329737)

МАРК-запис
000 -Лідер
fixed length control field 00856nam a22002417a 4500
001 - Контрольний номер
control field 43618
003 - Ідентифікатор контрольного номера
control field UA-OsUOA
005 - Дата та час останнього входження (трансакції)
control field 20211025161804.0
007 - Фіксоване поле фізичного опису
fixed length control field ta
008 - Елементи даних фіксованої довжини – загальна інформація
fixed length control field 20070115b un ||||| |||| 00| 0 ukr d
020 ## - Міжнародний стандартний книжковий номер (ISBN)
Міжнародний стандартний книжковий номер (ISBN) (НП) 9668602323
040 ## - Джерело каталогізації
Агенція оригінальної каталогізації UA-OsUOA
Мова каталогізації ukr
Агенція, яка здійснювала перезапис UA-OsUOA
Агенція, яка здійснювала модифікацію UA-OsUOA
041 ## - Код мови
Код мови тексту/ звукової доріжки чи окремого заголовка (П) ukr
080 ## - Індекс Універсальної десяткової класифікації
Індекс Універсальної десяткової класифікації (УДК) (НП) 340.132.2(477)
090 ## - Локальний шифр розміщення
Класифікаційний індекс УДК 340.132.2(477)
Авторський знак (НП) І-74
245 ## - Відомості про назву
Назва (НП) Інформаційне законодавство України. Науково-практичний коментар
Дані про відповідальність (НП) за ред. Ю. С. Шемшученка
260 ## - Публікація, розповсюдження і т.п. (Вихідні дані)
Місце публікації, розповсюдження і т.п. (П) К.
Ім’я/ наймення видавництва, розповсюджувача і т.п. (П) Юридична думка
Дата публікації, розповсюдження і т.п. (П) 2006
300 ## - Фізичний опис
Обсяг 232 с.
650 #7 - Додаткове предметне введення – тематичний термін
Тематичний термін чи географічна назва, як елемент введення (НП) 340 Право в цілому. Пропедевтика. Методи та допоміжні правничі науки
Джерело заголовка чи терміна UDC
700 1# - Додаткове введення – ім'я особи
Ім’я особи (НП) Шемшученко Ю. С.
Термін відношення ред.
942 ## - Додаткові елементи входу (Коха)
Тип елемента Koha Книги
Source of classification or shelving scheme Universal Decimal Classification
955 ## - Код типу видання за змістом
Код типу видання за змістом (НП) Наукові видання
Фонди
Стан вилучень Стан втрат Джерело класифікації або схеми стелажів Стан уражень Не для кредиту Постійне місце розташування Поточне розміщення Дата придбання Джерело придбання Вартість, звичайна ціна покупки Інвентарний номер Усього замовленно Повний номер виклику Штрих-код Дата останнього перегляду Ціна ефективна від Тип елемента Koha
    Universal Decimal Classification     АБ - Абонемент НБ АБ - Абонемент НБ 04/05/2007 91/2007 25.56 104601   340.132.2(477) І-74 104601 15/12/2021 15/01/2007 Книги
    Universal Decimal Classification     АБ - Абонемент НБ АБ - Абонемент НБ 15/08/2007 136/2007 19.96 106113   340.132.2(477) І-74 106113 15/12/2021 15/01/2007 Книги
    Universal Decimal Classification     АБ - Абонемент НБ АБ - Абонемент НБ 15/08/2007 136/2007 19.96 106114   340.132.2(477) І-74 106114 15/12/2021 15/01/2007 Книги
    Universal Decimal Classification     АБ - Абонемент НБ АБ - Абонемент НБ 15/08/2007 136/2007 19.96 106115   340.132.2(477) І-74 106115 15/12/2021 15/01/2007 Книги
    Universal Decimal Classification     ЧЗ - Читальна зала ЧЗ - Читальна зала 15/01/2007 3/2007 19.96 102404   340.132.2(477) І-74 102404 06/02/2022 15/01/2007 Книги
    Universal Decimal Classification     ЧЗ - Читальна зала ЧЗ - Читальна зала 15/01/2007 3/2007 19.96 102405   340.132.2(477) І-74 102405 06/02/2022 15/01/2007 Книги
    Universal Decimal Classification     ЧЗ - Читальна зала ЧЗ - Читальна зала 15/01/2007 3/2007 19.96 102406   340.132.2(477) І-74 102406 06/02/2022 15/01/2007 Книги
    Universal Decimal Classification     ЧЗ - Читальна зала ЧЗ - Читальна зала 15/01/2007 3/2007 19.96 102407   340.132.2(477) І-74 102407 06/02/2022 15/01/2007 Книги
    Universal Decimal Classification     ЧЗ - Читальна зала ЧЗ - Читальна зала 15/01/2007 3/2007 19.96 102408   340.132.2(477) І-74 102408 06/02/2022 15/01/2007 Книги